[Event "ch-Euro Blitz"]
[Site "Ajaccio FRA"]
[Date "2007.10.25"]
[Round "12"]
[White "Fridman, D2."]
[Black "Karpov, Ana"]
[Result "1/2-1/2"]
[WhiteElo "2621"]
[BlackElo "2670"]
[PlyCount "81"]
[EventDate "2007.10.25"]
[SourceDate "1999.07.01"]

1. d4 Nf6 2. Nf3 e6 3. c4 b6 4. g3 Ba6 5. b3 Bb4+ 6. Bd2 Be7 7. Bg2 c6 8. Bc3
d5 9. Ne5 Nfd7 10. Nxd7 Nxd7 11. Nd2 O-O 12. O-O Rc8 13. Re1 c5 14. cxd5 exd5
15. e3 cxd4 16. Bxd4 Nc5 17. Nf3 Ne4 18. a3 Qd7 19. Bf1 Bxf1 20. Rxf1 Qf5 21.
Kg2 Rc6 22. Qe2 Rfc8 23. Qa6 Rh6 24. Rac1 Rf8 25. Ng1 Nc5 26. Bxc5 bxc5 27.
Qxa7 Qe6 28. Rfe1 Rd8 29. b4 cxb4 30. axb4 Bxb4 31. Re2 Qe4+ 32. f3 Qe8 33. Qd4
Be7 34. Qd3 Rb6 35. e4 dxe4 36. Qxe4 Re6 37. Qc2 Bf6 38. Rce1 Rxe2+ 39. Qxe2
Qd7 40. Nh3 h6 41. Nf2 1/2-1/2

[Event "ch-Euro Blitz"]
[Site "Ajaccio FRA"]
[Date "2007.10.26"]
[Round "27"]
[White "Bacrot, E."]
[Black "Karpov, Ana"]
[Result "1-0"]
[WhiteElo "2695"]
[BlackElo "2670"]
[PlyCount "81"]
[EventDate "2007.10.25"]
[SourceDate "1999.07.01"]

1. d4 Nf6 2. Nf3 e6 3. c4 b6 4. g3 Ba6 5. b3 Bb4+ 6. Bd2 Be7 7. Bg2 c6 8. Bc3
d5 9. Ne5 Nfd7 10. Nxd7 Nxd7 11. Nd2 O-O 12. O-O Rc8 13. e4 dxe4 14. Nxe4 b5
15. Re1 bxc4 16. Bf1 Nb6 17. Rb1 Qd5 18. a4 Qf5 19. a5 Nd5 20. Ba1 Bb4 21. bxc4
Bxe1 22. Qxe1 Rb8 23. Rc1 Ne7 24. Nc5 Bc8 25. Bd3 Qg4 26. Qe5 Ra8 27. d5 cxd5
28. h3 f6 29. Qd6 Qg5 30. Re1 Nf5 31. Qc7 Rf7 32. Qd8+ Rf8 33. Qc7 Rf7 34. Qd8+
Rf8 35. Qc7 Nd4 36. Bxd4 e5 37. Be3 Qh5 38. cxd5 Bxh3 39. Ne6 Rf7 40. Qc6 Qf3
41. Qxa8+ 1-0

[Event "I Magistral"]
[Site "Casar de Caceres ESP"]
[Date "2007.10.26"]
[Round "7"]
[White "Hera, I."]
[Black "Gonzalez Garcia, J2."]
[Result "1/2-1/2"]
[WhiteElo "2544"]
[BlackElo "2541"]
[PlyCount "24"]
[EventDate "2007.10.22"]
[SourceDate "1999.07.01"]

1. d4 Nf6 2. c4 e6 3. Nf3 b6 4. g3 Bb4+ 5. Bd2 Bxd2+ 6. Qxd2 Ba6 7. b3 O-O 8.
Bg2 d5 9. O-O Nbd7 10. cxd5 exd5 11. Nc3 Re8 12. Rfd1 Ne4 1/2-1/2

[Event "Blindfold World Cup"]
[Site "Bilbao ESP"]
[Date "2007.10.20"]
[Round "10"]
[White "Topalov, V."]
[Black "Carlsen, M."]
[Result "1/2-1/2"]
[WhiteElo "2769"]
[BlackElo "2714"]
[PlyCount "101"]
[EventDate "2007.10.16"]
[SourceDate "1999.07.01"]

1. d4 Nf6 2. Nf3 e6 3. c4 b6 4. g3 Bb7 5. Bg2 Be7 6. O-O O-O 7. Bf4 d5 8. Nc3
dxc4 9. Qa4 Nbd7 10. Qxc4 c5 11. Rfd1 cxd4 12. Qxd4 Nc5 13. Qe3 Qe8 14. Ne5
Bxg2 15. Kxg2 Rc8 16. Qf3 b5 17. Rac1 b4 18. Nb1 Nd5 19. Nd2 Qa4 20. Nec4 Nxf4+
21. gxf4 Rfd8 22. f5 exf5 23. Qxf5 g6 24. Qf3 Ne6 25. b3 Qb5 26. Ne4 Ng5 27.
Nxg5 Qxg5+ 28. Kf1 Kg7 29. e3 Qb5 30. h3 a5 31. Kg2 a4 32. Rxd8 Rxd8 33. Rd1
Rxd1 34. Qxd1 a3 35. Qd4+ Bf6 36. Qe4 Qd7 37. Qf3 Qd3 38. e4 Qd4 39. Qe3 Qd7
40. e5 Be7 41. Qe4 Qd1 42. e6 Qd8 43. exf7 Kxf7 44. Ne5+ Kf8 45. Qc4 Qe8 46.
Qe6 Kg7 47. Nc6 Kf8 48. Ne5 Kg7 49. Nc6 Kf8 50. Ne5 Kg7 51. Nc6 1/2-1/2

[Event "CECLUB Finals"]
[Site "Calvia ESP"]
[Date "2007.10.20"]
[Round "1"]
[White "Alekseev, Evgeny"]
[Black "Tkachiev, V."]
[Result "1-0"]
[WhiteElo "2716"]
[BlackElo "2661"]
[PlyCount "87"]
[EventDate "2007.10.20"]
[SourceDate "1999.07.01"]

1. d4 Nf6 2. c4 e6 3. Nf3 b6 4. g3 Ba6 5. Qc2 Bb7 6. Bg2 c5 7. d5 exd5 8. cxd5
Nxd5 9. O-O Be7 10. Rd1 Qc8 11. Bg5 f6 12. Bc1 Nb4 13. Qb3 d5 14. a3 c4 15. Qc3
N4a6 16. Qe3 Nc7 17. Nc3 Nba6 18. Nd4 Qd7 19. Qf3 g6 20. Bf4 O-O 21. Nc2 Bc5
22. g4 Qf7 23. Qg3 Rad8 24. h4 Rd7 25. Rd2 Rfd8 26. Rad1 Ba8 27. e3 b5 28. g5
f5 29. Be5 Bd6 30. Bxd6 Rxd6 31. Nd4 Qe8 32. b4 cxb3 33. Nxb3 b4 34. axb4 Nxb4
35. e4 f4 36. Qxf4 Ne6 37. Qg4 d4 38. e5 Rb6 39. Bxa8 Rxa8 40. Ne4 Nd5 41. Nxd4
h5 42. Qf3 Nef4 43. Nf6+ Rxf6 44. exf6 1-0

[Event "Bundesliga 2007-8"]
[Site "Remagen GER"]
[Date "2007.10.21"]
[Round "2"]
[White "Laznicka, V."]
[Black "Fedorchuk, S."]
[Result "0-1"]
[WhiteElo "2610"]
[BlackElo "2645"]
[PlyCount "115"]
[EventDate "2007.10.19"]
[SourceDate "1999.07.01"]

1. d4 Nf6 2. c4 e6 3. Nf3 b6 4. g3 Bb4+ 5. Bd2 c5 6. Bxb4 cxb4 7. Qd3 Bb7 8.
Nbd2 O-O 9. Bg2 d6 10. O-O a5 11. e4 e5 12. Rfe1 Qc7 13. Nf1 a4 14. Rac1 Ra5
15. h3 Re8 16. g4 g6 17. Ng3 Nfd7 18. Qd2 Na6 19. Nh2 Nf8 20. Nhf1 Ne6 21. Ne2
Nxd4 22. Nxd4 exd4 23. Qxd4 Rae5 24. Rcd1 R5e6 25. Re3 Nc5 26. Ng3 b3 27. a3
Nd7 28. f4 Qc5 29. Kf2 Qxd4 30. Rxd4 Nc5 31. f5 gxf5 32. gxf5 Rh6 33. Nf1 Rf6
34. Nh2 h5 35. Nf1 Kf8 36. h4 Nd7 37. Bf3 Ne5 38. Ng3 Rh6 39. Be2 Ba6 40. Rc3
Ke7 41. Nf1 Kd7 42. c5 Bxe2 43. Kxe2 Nc6 44. Rxa4 b5 45. Ra6 Rxe4+ 46. Kf2 Rxh4
47. cxd6 Rxd6 48. Rxb3 Rf4+ 49. Kg2 Rxf5 50. Ng3 Rfd5 51. Kh3 h4 52. Ne4 Rd3+
53. Rxd3 Rxd3+ 54. Kh2 Kc7 55. Ra8 Ne5 56. Rh8 f5 57. Rh7+ Kc6 58. Rh6+ 0-1

[Event "Bundesliga 2007-8"]
[Site "Hamburg GER"]
[Date "2007.10.21"]
[Round "2"]
[White "Boensch, U."]
[Black "Fish, G."]
[Result "0-1"]
[WhiteElo "2530"]
[BlackElo "2546"]
[PlyCount "64"]
[EventDate "2007.10.19"]
[SourceDate "1999.07.01"]

1. d4 Nf6 2. c4 e6 3. Nf3 b6 4. g3 Ba6 5. Nbd2 Bb7 6. Bg2 c5 7. e4 cxd4 8. e5
Ne4 9. Nxe4 Bxe4 10. Qxd4 Bxf3 11. Bxf3 Nc6 12. Qe4 Bb4+ 13. Kf1 O-O 14. Kg2 f6
15. exf6 Qxf6 16. Rf1 Rac8 17. Bf4 Nd4 18. Bg4 Rxc4 19. Be5 d5 20. Bxf6 dxe4
21. Be5 Nf5 22. Rac1 Rxc1 23. Rxc1 Bc5 24. Rd1 Bxf2 25. Rd7 Bc5 26. Rxa7 h5 27.
Bxh5 Ne3+ 28. Kh3 Rf5 29. Rxg7+ Kf8 30. Bg6 Rxe5 31. Rf7+ Kg8 32. Rf4 Nf5 0-1

[Event "GM"]
[Site "Corfu GRE"]
[Date "2007.10.09"]
[Round "8"]
[White "Savchenko, S."]
[Black "Shneider, Alek"]
[Result "1/2-1/2"]
[WhiteElo "2604"]
[BlackElo "2543"]
[PlyCount "27"]
[EventDate "2007.10.01"]
[SourceDate "1999.07.01"]

1. d4 Nf6 2. c4 e6 3. Nf3 b6 4. g3 Ba6 5. Qa4 Bb7 6. Bg2 c5 7. dxc5 Bxc5 8. O-O
Be7 9. Nc3 Na6 10. Rd1 Qc8 11. Bf4 O-O 12. Rac1 Nc5 13. Qc2 Nce4 14. Nd4
1/2-1/2

[Event "WJun"]
[Site "Yerevan ARM"]
[Date "2007.10.14"]
[Round "11"]
[White "Laznicka, V."]
[Black "Meier, Geo"]
[Result "0-1"]
[WhiteElo "2610"]
[BlackElo "2558"]
[PlyCount "126"]
[EventDate "2007.10.03"]
[SourceDate "1999.07.01"]

1. d4 Nf6 2. c4 e6 3. Nf3 b6 4. g3 Bb7 5. Bg2 Bb4+ 6. Bd2 Bxd2+ 7. Qxd2 O-O 8.
O-O d6 9. Qf4 Nbd7 10. Nc3 Re8 11. e4 e5 12. Qe3 a6 13. d5 c6 14. b4 b5 15. Nd2
Rc8 16. dxc6 Bxc6 17. cxb5 axb5 18. Nb3 Nb6 19. Na5 Bd7 20. Rfb1 Qc7 21. Rb3
Be6 22. Nxb5 Qb8 23. Rc3 Na4 24. Rxc8 Rxc8 25. Qd3 Nb2 26. Qd2 Qxb5 27. Qxb2
Qa4 28. Qd2 Rc2 29. Qxd6 h5 30. h3 Qa3 31. Qxe5 Qxb4 32. Nb3 h4 33. g4 Nd7 34.
Qg5 Qc3 35. Rd1 Rxa2 36. Nd2 f6 37. Qf4 Qc2 38. Bf3 Ne5 39. Be2 Qc3 40. Kg2 Rb2
41. Bf1 Qc2 42. Be2 Qc3 43. Bf1 Qd4 44. Be2 Ng6 45. Qe3 Qxe3 46. fxe3 Bb3 47.
Nxb3 Rxe2+ 48. Kf3 Rh2 49. e5 Nxe5+ 50. Ke4 Nf7 51. Nd4 Rxh3 52. Ne6 Rh2 53.
Kf5 Re2 54. g5 Rxe3 55. Nxg7 Kxg7 56. gxf6+ Kh6 57. Kg4 Re4+ 58. Kf5 Re5+ 59.
Kg4 Rh5 60. Rh1 Ne5+ 61. Kh3 Rf5 62. f7 Nxf7 63. Rg1 Kh5 0-1

[Event "16th Monarch Assurance"]
[Site "Port Erin IOM"]
[Date "2007.09.29"]
[Round "8"]
[White "Bartel, Mat"]
[Black "Iordachescu, V."]
[Result "1-0"]
[WhiteElo "2609"]
[BlackElo "2584"]
[PlyCount "91"]
[EventDate "2007.09.22"]
[SourceDate "1999.07.01"]

1. d4 Nf6 2. c4 e6 3. Nf3 b6 4. Nc3 Bb7 5. Bg5 Be7 6. e3 c5 7. Be2 O-O 8. O-O
h6 9. Bh4 cxd4 10. Nxd4 a6 11. Rc1 d6 12. Bf3 Ra7 13. b3 Qc8 14. Bxb7 Rxb7 15.
f4 Rc7 16. Bxf6 Bxf6 17. Ne4 Bxd4 18. Qxd4 d5 19. Ng3 dxc4 20. Rxc4 Rxc4 21.
bxc4 Qc7 22. Nh5 f6 23. Rd1 Rc8 24. Nxf6+ gxf6 25. Qxf6 Qf7 26. Qxh6 Nd7 27.
Rd6 Nf8 28. Qg5+ Qg7 29. Qxg7+ Kxg7 30. Rxb6 Rxc4 31. Rxa6 Rc2 32. h4 Re2 33.
h5 Rxe3 34. Kf2 Rd3 35. g4 Kf7 36. Ra7+ Nd7 37. g5 Kg8 38. Ra8+ Kf7 39. h6 Rh3
40. Kg2 Rh5 41. Ra7 Ke8 42. Ra3 Kf7 43. Rh3 Rxh3 44. Kxh3 Nb6 45. Kg4 Kg6 46.
Kf3 1-0

[Event "16th Monarch Assurance"]
[Site "Port Erin IOM"]
[Date "2007.09.30"]
[Round "9"]
[White "Yakovich, Yur"]
[Black "Efimenko, Z."]
[Result "1/2-1/2"]
[WhiteElo "2597"]
[BlackElo "2624"]
[PlyCount "24"]
[EventDate "2007.09.22"]
[SourceDate "1999.07.01"]

1. d4 Nf6 2. c4 e6 3. Nf3 b6 4. e3 Bb7 5. Bd3 d5 6. O-O Bd6 7. Nc3 O-O 8. b3
Nbd7 9. Bb2 c5 10. cxd5 exd5 11. Qe2 a6 12. Rac1 Re8 1/2-1/2

[Event "6th ch-Asia"]
[Site "Cebu City PHI"]
[Date "2007.09.24"]
[Round "6"]
[White "Ghaem Maghami, E."]
[Black "Yu Shaoteng"]
[Result "1/2-1/2"]
[WhiteElo "2610"]
[BlackElo "2524"]
[PlyCount "43"]
[EventDate "2007.09.19"]
[SourceDate "1999.07.01"]

1. d4 e6 2. c4 Nf6 3. Nf3 b6 4. a3 Ba6 5. Qc2 Bb7 6. Nc3 c5 7. e4 cxd4 8. Nxd4
Bc5 9. Nb3 Nc6 10. Bg5 h6 11. Bh4 Nd4 12. Nxd4 Bxd4 13. Bd3 Qb8 14. O-O Be5 15.
Bg3 Bxg3 16. hxg3 Qe5 17. Rad1 h5 18. f4 Qc5+ 19. Qf2 Ng4 20. Qxc5 bxc5 21. Rd2
h4 22. gxh4 1/2-1/2

[Event "6th ch-Asia"]
[Site "Cebu City PHI"]
[Date "2007.09.29"]
[Round "11"]
[White "Dao Thien Hai"]
[Black "So, W."]
[Result "1/2-1/2"]
[WhiteElo "2537"]
[BlackElo "2516"]
[PlyCount "28"]
[EventDate "2007.09.19"]
[SourceDate "1999.07.01"]

1. d4 Nf6 2. c4 e6 3. Nf3 b6 4. a3 Bb7 5. Nc3 d5 6. Bg5 Be7 7. Qa4+ c6 8. Bxf6
Bxf6 9. cxd5 exd5 10. g3 O-O 11. Bg2 c5 12. Rd1 Qe7 13. O-O Rd8 14. Qb3 Na6
1/2-1/2

[Event "WCh"]
[Site "Mexico City MEX"]
[Date "2007.09.14"]
[Round "2"]
[White "Gelfand, B."]
[Black "Grischuk, A."]
[Result "1/2-1/2"]
[WhiteElo "2733"]
[BlackElo "2726"]
[PlyCount "45"]
[EventDate "2007.09.13"]
[SourceDate "1999.07.01"]

1. d4 Nf6 2. c4 e6 3. Nf3 b6 4. g3 Ba6 5. b3 Bb7 6. Bg2 Bb4+ 7. Bd2 c5 8. Bxb4
cxb4 9. O-O O-O 10. Qd3 Be4 11. Qe3 Nc6 12. Nbd2 d5 13. Rfc1 Rc8 14. cxd5 Bxd5
15. Qd3 Bxf3 16. Nxf3 Nd5 17. Rc4 Nc3 18. a3 b5 19. Rxc6 Rxc6 20. Ng5 Qxg5 21.
Bxc6 Rc8 22. Bb7 Rc7 23. axb4 1/2-1/2

[Event "60th ch-RUS Higher League"]
[Site "Krasnoyarsk RUS"]
[Date "2007.09.11"]
[Round "8"]
[White "Zakhartsov, V."]
[Black "Tomashevsky, E."]
[Result "1/2-1/2"]
[WhiteElo "2559"]
[BlackElo "2654"]
[PlyCount "32"]
[EventDate "2007.09.03"]
[SourceDate "1999.07.01"]

1. d4 Nf6 2. c4 e6 3. Nf3 b6 4. g3 Ba6 5. b3 Bb7 6. Bg2 Bb4+ 7. Bd2 a5 8. O-O
O-O 9. Qc2 d6 10. Bc3 Nbd7 11. a3 Bxc3 12. Nxc3 Re8 13. Rfd1 Qb8 14. d5 e5 15.
Nd2 Ba6 16. b4 Qd8 1/2-1/2

[Event "60th ch-RUS Higher League"]
[Site "Krasnoyarsk RUS"]
[Date "2007.09.08"]
[Round "5"]
[White "Sakaev, K."]
[Black "Zakhartsov, V."]
[Result "1/2-1/2"]
[WhiteElo "2634"]
[BlackElo "2559"]
[PlyCount "76"]
[EventDate "2007.09.03"]
[SourceDate "1999.07.01"]

1. d4 Nf6 2. c4 e6 3. Nf3 b6 4. g3 Ba6 5. Qc2 Bb7 6. Bg2 c5 7. d5 exd5 8. cxd5
Nxd5 9. O-O Be7 10. Rd1 Qc8 11. Bg5 h6 12. Bxe7 Nxe7 13. e4 O-O 14. Nc3 Nbc6
15. Rd2 Ba6 16. Bh3 Ng6 17. Bxd7 Qb7 18. Rad1 Nge5 19. Nxe5 Nxe5 20. Kg2 Rad8
21. Qa4 c4 22. b4 cxb3 23. axb3 Kh8 24. Rd5 Qc7 25. Nb5 Bxb5 26. Bxb5 Rxd5 27.
Rxd5 Qc3 28. Be2 a5 29. Qb5 f6 30. f4 Nc6 31. Qxb6 Rb8 32. Qc7 Qc2 33. Kf2 Re8
34. e5 fxe5 35. Qf7 Rg8 36. fxe5 Qxb3 37. Qf3 Qb2 38. Qe3 a4 1/2-1/2

[Event "60th ch-RUS Higher League"]
[Site "Krasnoyarsk RUS"]
[Date "2007.09.08"]
[Round "5"]
[White "Rychagov, A."]
[Black "Bocharov, D."]
[Result "1-0"]
[WhiteElo "2557"]
[BlackElo "2605"]
[PlyCount "111"]
[EventDate "2007.09.03"]
[SourceDate "1999.07.01"]

1. d4 Nf6 2. c4 e6 3. Nf3 b6 4. g3 Bb4+ 5. Bd2 a5 6. Bg2 Bb7 7. O-O O-O 8. Bf4
Be7 9. Nc3 Ne4 10. Rc1 d6 11. Qd3 Nxc3 12. Rxc3 f5 13. Qe3 Qd7 14. Rd1 Nc6 15.
a3 Bf6 16. Rcc1 Rad8 17. d5 e5 18. Bg5 Ne7 19. Bxf6 Rxf6 20. Ng5 a4 21. b4 axb3
22. Qxb3 Ba6 23. Ne6 Rc8 24. a4 e4 25. Nd4 Ng6 26. a5 bxa5 27. c5 Ne5 28. Qa2
Qf7 29. Qxa5 Bc4 30. Rxc4 Nxc4 31. Qa6 Rd8 32. Qxc4 dxc5 33. Nc2 Rfd6 34. Ne3
c6 35. Qxc5 cxd5 36. Nc2 Qf6 37. Qd4 Qf7 38. e3 g5 39. Qc5 Qd7 40. Nd4 f4 41.
h3 Rf6 42. g4 Rc8 43. Qa5 Qd8 44. Qd2 Qd7 45. Nf5 f3 46. Bf1 h5 47. Qxd5+ Qxd5
48. Rxd5 Rc1 49. gxh5 Rb6 50. Ng3 Rb4 51. Rxg5+ Kh7 52. h4 Rd1 53. Rg4 Kh6 54.
Kh2 Rb2 55. Rg6+ Kh7 56. Nxe4 1-0

[Event "60th ch-RUS Higher League"]
[Site "Krasnoyarsk RUS"]
[Date "2007.09.09"]
[Round "6"]
[White "Lysyj, I."]
[Black "Tomashevsky, E."]
[Result "1/2-1/2"]
[WhiteElo "2578"]
[BlackElo "2654"]
[PlyCount "59"]
[EventDate "2007.09.03"]
[SourceDate "1999.07.01"]

1. d4 Nf6 2. c4 e6 3. Nf3 b6 4. g3 Ba6 5. Qb3 Nc6 6. Nbd2 d5 7. Bg2 Bb7 8. cxd5
Qxd5 9. e3 Bd6 10. O-O O-O 11. Qd1 Qb5 12. a4 Qd3 13. b3 Rad8 14. Nc4 Qxd1 15.
Rxd1 Ne4 16. Nfd2 Nc3 17. Re1 Bb4 18. Bb2 Nd5 19. Red1 Nce7 20. Ne4 Nf5 21.
Rac1 Nd6 22. Ned2 Rc8 23. Ne5 Ne7 24. Nd3 Bxg2 25. Kxg2 a5 26. Nf3 f6 27. Rc2
g5 28. Nd2 Kf7 29. Nc4 Rfd8 30. Rdc1 1/2-1/2

[Event "UK-CHN Match"]
[Site "Liverpool ENG"]
[Date "2007.09.06"]
[Round "3"]
[White "Wang Yue"]
[Black "Rowson, J."]
[Result "1-0"]
[WhiteElo "2696"]
[BlackElo "2599"]
[PlyCount "165"]
[EventDate "2007.09.04"]
[SourceDate "1999.07.01"]

1. d4 Nf6 2. c4 e6 3. Nf3 b6 4. g3 Ba6 5. Qc2 Bb7 6. Bg2 c5 7. d5 exd5 8. cxd5
Nxd5 9. O-O Be7 10. Rd1 Nc6 11. Qf5 Nf6 12. e4 g6 13. Qf4 O-O 14. e5 Nh5 15.
Qg4 d5 16. exd6 Bxd6 17. Nc3 Qb8 18. Bh6 Re8 19. Qa4 a6 20. Nd5 b5 21. Qh4 Ne7
22. Ne3 Ra7 23. Rd2 Nc6 24. Nf5 Nd4 25. N3xd4 cxd4 26. Nxd6 Qxd6 27. Rxd4 Qe6
28. Bxb7 Rxb7 29. Rad1 Rbb8 30. Rd6 Qe5 31. Qb4 Nf6 32. Qf4 Qxf4 33. Bxf4 Nh5
34. Bh6 a5 35. Ra6 a4 36. Rd7 Ra8 37. Rxa8 Rxa8 38. Rb7 Ng7 39. Rxb5 Nf5 40.
Bf4 Nd4 41. Rb8+ Rxb8 42. Bxb8 f5 43. Kf1 Kf7 44. Ba7 Nc6 45. Bc5 Ke6 46. Ke2
Kd5 47. Bf8 Kc4 48. h4 Nd4+ 49. Ke3 Ne6 50. Be7 Nc7 51. Bd6 Nd5+ 52. Kd2 Nf6
53. Bb8 Nd5 54. Bd6 Nf6 55. Bf8 Ng4 56. Ke2 Nf6 57. Bh6 Nd5 58. Bd2 Nf6 59. Bc3
Ne4 60. Bg7 Nc5 61. Ke3 Ne6 62. Bh8 Nc5 63. f3 Ne6 64. Bf6 Nc7 65. Kf4 Ne6+ 66.
Ke3 Nc7 67. Kd2 Nd5 68. Bc3 h6 69. Bg7 h5 70. Bc3 f4 71. g4 hxg4 72. fxg4 Ne3
73. h5 gxh5 74. gxh5 Nf5 75. Bg7 Ng3 76. h6 Ne4+ 77. Ke2 Ng5 78. Be5 f3+ 79.
Ke3 a3 80. b3+ Kd5 81. Bf4 Nf7 82. Kxf3 Kd4 83. h7 1-0

[Event "UK-CHN Match"]
[Site "Liverpool ENG"]
[Date "2007.09.08"]
[Round "5"]
[White "Rowson, J."]
[Black "Hou Yifan"]
[Result "1/2-1/2"]
[WhiteElo "2599"]
[BlackElo "2523"]
[PlyCount "70"]
[EventDate "2007.09.04"]
[SourceDate "1999.07.01"]

1. d4 Nf6 2. c4 e6 3. Nf3 b6 4. g3 Ba6 5. b3 Bb4+ 6. Bd2 Be7 7. Nc3 O-O 8. e4
d5 9. cxd5 Bxf1 10. Kxf1 exd5 11. e5 Ne4 12. Kg2 Qd7 13. Qc2 Nxc3 14. Qxc3 c5
15. dxc5 bxc5 16. Bg5 d4 17. Qd3 Nc6 18. Bxe7 Nxe7 19. Rac1 Rac8 20. Rhe1 h6
21. Nd2 Qd5+ 22. Qf3 Rfd8 23. Rc4 Qe6 24. Ra4 Nc6 25. Qe4 Rc7 26. f4 f5 27.
exf6 Qxf6 28. Ra6 d3 29. Rd1 Qe7 30. Qxe7 Nxe7 31. Re6 Nd5 32. Nc4 Nc3 33. Rd2
Nb1 34. Rd1 Nc3 35. Rd2 Nb1 1/2-1/2

[Event "XXIV SuperGM"]
[Site "Morelia/Linares MEX/ESP"]
[Date "2007.02.19"]
[Round "3"]
[White "Topalov, V."]
[Black "Leko, P."]
[Result "1/2-1/2"]
[WhiteElo "2783"]
[BlackElo "2749"]
[PlyCount "77"]
[EventDate "2007.02.17"]
[SourceDate "1999.07.01"]

1. d4 Nf6 2. c4 e6 3. Nf3 b6 4. g3 Ba6 5. b3 Bb4+ 6. Bd2 Be7 7. Bg2 c6 8. Bc3
d5 9. Ne5 Nfd7 10. Nxd7 Nxd7 11. Nd2 O-O 12. O-O Rc8 13. e4 c5 14. exd5 exd5
15. dxc5 dxc4 16. c6 cxb3 17. Re1 b2 18. Bxb2 Nc5 19. Nb3 Nd3 20. Re2 Nxb2 21.
Rxb2 Qxd1+ 22. Rxd1 Rfd8 23. Rbd2 Rxd2 24. Rxd2 Rd8 25. Rxd8+ Bxd8 26. Nd4 Bc4
27. a4 Kf8 28. Nb5 Bxb5 29. axb5 Ke7 30. f4 Bc7 31. Kf2 h6 32. h4 f5 33. h5 Kf6
34. Bf1 Bd6 35. Ke3 Bc7 36. Kd4 Bd6 37. Kd5 Bc7 38. Bd3 Bb8 39. Bc2 1/2-1/2

[Event "Bundesliga 2006-7"]
[Site "Muelheim Nord GER"]
[Date "2007.02.25"]
[Round "11"]
[White "Nielsen, PH."]
[Black "Chuchelov, V."]
[Result "1/2-1/2"]
[WhiteElo "2651"]
[BlackElo "2539"]
[PlyCount "43"]
[EventDate "2007.01.28"]
[SourceDate "1999.07.01"]

1. d4 Nf6 2. c4 e6 3. Nf3 b6 4. g3 Ba6 5. Qc2 Bb7 6. Bg2 c5 7. d5 exd5 8. cxd5
Nxd5 9. O-O Be7 10. Rd1 Qc8 11. e4 Nc7 12. Nc3 O-O 13. e5 Nc6 14. Bg5 Nxe5 15.
Nxe5 Bxg5 16. Bxb7 Qxb7 17. Ne4 Ne6 18. h4 Qc7 19. f4 Bxf4 20. gxf4 Nxf4 21.
Nd6 Rae8 22. Qf5 1/2-1/2

[Event "Bundesliga 2006-7"]
[Site "Koelln GER"]
[Date "2007.02.25"]
[Round "11"]
[White "Navara, D."]
[Black "Goloshchapov, A."]
[Result "1-0"]
[WhiteElo "2719"]
[BlackElo "2555"]
[PlyCount "79"]
[EventDate "2007.01.28"]
[SourceDate "1999.07.01"]

1. d4 Nf6 2. c4 e6 3. Nf3 b6 4. g3 Ba6 5. b3 Bb4+ 6. Bd2 Be7 7. Nc3 O-O 8. Rc1
d5 9. cxd5 Nxd5 10. Bg2 Ba3 11. Rb1 Bb7 12. O-O Nd7 13. Nxd5 Bxd5 14. b4 a5 15.
bxa5 bxa5 16. Qc2 Nf6 17. Bg5 Be4 18. Qxe4 Nxe4 19. Bxd8 Raxd8 20. Rb3 Bd6 21.
Rb2 c5 22. Rc2 g6 23. e3 c4 24. Ne5 Bxe5 25. dxe5 Nd2 26. Rd1 Nb3 27. Rd6 Rc8
28. Bf1 a4 29. Rxc4 Rxc4 30. Bxc4 Na5 31. Bf1 Ra8 32. f4 a3 33. Ra6 Rxa6 34.
Bxa6 Kf8 35. Kf2 Ke7 36. Ke2 Kd7 37. Bb5+ Kc7 38. Kd3 Kb6 39. Be8 Nb3 40. Kc2
1-0

[Event "Bundesliga 2006-7"]
[Site "Werder Bremen GER"]
[Date "2007.02.25"]
[Round "11"]
[White "Kempinski, R."]
[Black "Naumann, A."]
[Result "1/2-1/2"]
[WhiteElo "2590"]
[BlackElo "2549"]
[PlyCount "92"]
[EventDate "2007.01.28"]
[SourceDate "1999.07.01"]

1. d4 Nf6 2. c4 e6 3. Nf3 b6 4. g3 Ba6 5. b3 Bb4+ 6. Bd2 Be7 7. Nc3 d5 8. cxd5
Nxd5 9. Bg2 O-O 10. O-O Bb7 11. Qc2 Nd7 12. Nxd5 Bxd5 13. e4 Bb7 14. Bc3 c6 15.
Rad1 Qc7 16. Rfe1 Rfe8 17. Nd2 e5 18. Nc4 exd4 19. Bxd4 Rad8 20. Qb2 Bf8 21.
Be3 Nc5 22. Bf4 Qc8 23. Nd6 Bxd6 24. Bxd6 Ne6 25. b4 c5 26. Qa3 Nd4 27. bxc5
Nc2 28. Qxa7 Nxe1 29. Rxe1 Qc6 30. h4 bxc5 31. Bxc5 Ra8 32. Qb6 Qxb6 33. Bxb6
Rxa2 34. Rd1 h5 35. Bf3 g6 36. Rd7 Bc6 37. Rd6 Bb7 38. Rd7 Bc6 39. Rd6 Ba8 40.
Bg2 Rc2 41. e5 Rcc8 42. Bxa8 Rxa8 43. Rd5 Rab8 44. Be3 Rbd8 45. Rb5 Rb8 46. Rd5
Rbd8 1/2-1/2

[Event "Meurthe et Moselle GM"]
[Site "Nancy FRA"]
[Date "2007.02.19"]
[Round "1"]
[White "Moradiabadi, E."]
[Black "Sandipan, C."]
[Result "1-0"]
[WhiteElo "2569"]
[BlackElo "2561"]
[PlyCount "111"]
[EventDate "2007.02.19"]
[SourceDate "1999.07.01"]

1. d4 Nf6 2. c4 e6 3. Nf3 b6 4. g3 Bb7 5. Bg2 Be7 6. Nc3 Ne4 7. Bd2 f5 8. Qc2
O-O 9. O-O Bf6 10. Rfe1 d6 11. Rad1 Qe7 12. d5 Na6 13. Nxe4 fxe4 14. Qxe4 Nc5
15. Qc2 exd5 16. cxd5 Rae8 17. e4 a5 18. Bf4 g5 19. Bc1 Qg7 20. h3 Rf7 21. Nh2
h5 22. Nf1 Rfe7 23. f3 g4 24. fxg4 hxg4 25. h4 Bc8 26. Re2 Ba6 27. Ree1 Bc8 28.
Rd2 Qh7 29. Rf2 Bd4 30. Be3 Bxe3 31. Rxe3 Nxe4 32. Rf4 Nc5 33. Rxe7 Rxe7 34.
Qd2 Nd3 35. Rf6 Qg7 36. Rh6 Nxb2 37. Rh5 Nc4 38. Qf4 Re5 39. Rh6 Rf5 40. Qc1
Ne5 41. Be4 Nf7 42. Bxf5 Bxf5 43. Re6 Bxe6 44. dxe6 Ne5 45. Qf4 Qg6 46. e7 Qe8
47. Qf6 Qf7 48. Qg5+ Kh7 49. Nh2 c5 50. h5 c4 51. h6 Ng6 52. Nxg4 Nxe7 53. Nf6+
Kh8 54. Ne4 d5 55. Qe5+ Kg8 56. Ng5 1-0

[Event "ch-CZE"]
[Site "Praha CZE"]
[Date "2007.02.09"]
[Round "4"]
[White "Polak, T."]
[Black "Cvek, R."]
[Result "1-0"]
[WhiteElo "2500"]
[BlackElo "2530"]
[PlyCount "139"]
[EventDate "2007.02.06"]
[SourceDate "1999.07.01"]

1. d4 Nf6 2. c4 e6 3. Nf3 b6 4. g3 Ba6 5. b3 d5 6. cxd5 exd5 7. Bg2 Bb4+ 8. Bd2
Bxd2+ 9. Qxd2 O-O 10. Nc3 Re8 11. O-O Nbd7 12. Qb2 Bb7 13. Rac1 a6 14. Rfd1 Qe7
15. e3 Qd6 16. b4 c6 17. Na4 b5 18. Nc5 Nxc5 19. dxc5 Qc7 20. a4 Bc8 21. Ra1
bxa4 22. Rxa4 Rb8 23. Rda1 h5 24. Bf1 Ne4 25. Qd4 Qd7 26. R1a2 Qg4 27. Bg2 Qf5
28. Nh4 Qh7 29. Nf3 Qf5 30. Ra1 g5 31. Rf1 h4 32. Nd2 Nxd2 33. Qxd2 h3 34. Bh1
Qe5 35. Ra3 Qf6 36. f3 Rb7 37. f4 g4 38. Rxa6 Rbe7 39. Ra3 Bf5 40. Kf2 d4 41.
Re1 dxe3+ 42. Raxe3 Rxe3 43. Rxe3 Rd8 44. Qc3 Qxc3 45. Rxc3 Rd2+ 46. Ke3 Rb2
47. Bxc6 Rxb4 48. Ba8 Kf8 49. c6 Ke7 50. c7 Bc8 51. Be4 Kd6 52. Bd3 Kd5 53. Bc2
Rb2 54. Kd3 f6 55. Ke3 Kd6 56. Kd4 Ra2 57. Rc4 Rb2 58. f5 Ra2 59. Ke3 Ra1 60.
Be4 Ra2 61. Rc6+ Kd7 62. Rc2 Ra3+ 63. Kf4 Ra4 64. Ke3 Ra3+ 65. Kd2 Kd6 66. Bd3
Kd5 67. Bc4+ Ke4 68. Be6 Ba6 69. Rc6 Rd3+ 70. Kc2 1-0

[Event "ch-CZE"]
[Site "Praha CZE"]
[Date "2007.02.13"]
[Round "8"]
[White "Stocek, J."]
[Black "Oral, T."]
[Result "1/2-1/2"]
[WhiteElo "2566"]
[BlackElo "2521"]
[PlyCount "85"]
[EventDate "2007.02.06"]
[SourceDate "1999.07.01"]

1. d4 Nf6 2. c4 e6 3. Nf3 b6 4. g3 Bb7 5. Bg2 Be7 6. O-O O-O 7. d5 exd5 8. Nh4
c6 9. cxd5 Nxd5 10. Nf5 Nc7 11. e4 d5 12. Re1 Bf6 13. e5 Be7 14. Qg4 g6 15.
Nxe7+ Qxe7 16. Bh6 Re8 17. Nc3 Nd7 18. Bg5 f6 19. Bxf6 Nxf6 20. exf6 Qxf6 21.
Rad1 Rxe1+ 22. Rxe1 Rf8 23. Qe2 Re8 24. Qd2 Rxe1+ 25. Qxe1 Qe6 26. Qd2 Qe5 27.
h4 Bc8 28. Ne2 c5 29. Nf4 d4 30. Qc2 Bf5 31. Qa4 b5 32. Qxa7 d3 33. Qb8+ Kf7
34. Bf3 c4 35. Nd5 Qe1+ 36. Kg2 Nxd5 37. Bxd5+ Be6 38. Qc7+ Kf6 39. Qd8+ Kf7
40. Qd7+ Kf6 41. Qd8+ Kf7 42. Qd7+ Kf6 43. Qd8+ 1/2-1/2